اشهر الصحفيين والادباء ورسامى الكراكتير / (Record no. 64986)
[ view plain ]
| 000 -الفاتح | |
|---|---|
| حقل البيانات ثابتة الطول | 01304nam a22003977a 4500 |
| 005 - وقت وتاريخ اخر تعامل مع التسجيلة | |
| رقم الضبط | 20240530110801.0 |
| 008 - عناصر البيانات ثابتة الطول - معلومات عامة | |
| حقل البيانات ثابتة الطول | 190211s2018 ua a f b 000 0 ara d |
| 017 ## - رقم الايداع القانونى | |
| المصدر ( الهيئة المختصة) | مصر. دار الكتب |
| 020 ## - الرقم الدولى المعيارى للكتب | |
| الرقم الدولى المعيارى للكتاب | 9789773085803 |
| 040 ## - مصدر الفهرسة | |
| وكالة الفهرسة الأصلية | EG-CaGPL |
| وكالة النسخ | EG-CaGPL |
| 082 04 - رقم تصنيف ديوى العشرى | |
| رقم الطبعة | 21 |
| رقم التصنيف | 920.71 |
| رقم المادة | ا أ |
| 100 0# - المدخل الرئيسى - إسم شخصى | |
| الإسم الشخصى | الشيماء محمد العبسى |
| 245 10 - بيان العنوان | |
| العنوان | اشهر الصحفيين والادباء ورسامى الكراكتير / |
| بيان المسئوليه,etc | الشيماء محمد العبسى |
| 250 ## - بيان الطبعة | |
| بيان الطبعة | ط.1 |
| 260 ## - PUBLICATION, DISTRIBUTION, ETC. (IMPRINT) | |
| تاريخ النشر أو التوزيع | 2018 . |
| 300 ## - الوصف المادى | |
| التعداد | 132 ص. ؛ |
| أبعاد الوعاء | 24 سم. |
| 600 0# - المدخل الاضافى بالموضوع-اسم شخصى | |
| الإسم الشخصى | محمد حسنين هيكل |
| 600 0# - المدخل الاضافى بالموضوع-اسم شخصى | |
| الإسم الشخصى | عمرو الليثى |
| 600 0# - المدخل الاضافى بالموضوع-اسم شخصى | |
| الإسم الشخصى | باسل محرز |
| 600 0# - المدخل الاضافى بالموضوع-اسم شخصى | |
| الإسم الشخصى | محمد عبدالله مخشف |
| 600 0# - المدخل الاضافى بالموضوع-اسم شخصى | |
| الإسم الشخصى | جعفر عباس |
| 600 0# - المدخل الاضافى بالموضوع-اسم شخصى | |
| الإسم الشخصى | زاهى وهبى |
| 600 0# - المدخل الاضافى بالموضوع-اسم شخصى | |
| الإسم الشخصى | عدنان كنفانى |
| 600 0# - المدخل الاضافى بالموضوع-اسم شخصى | |
| الإسم الشخصى | عبدالله الزايد |
| 600 0# - المدخل الاضافى بالموضوع-اسم شخصى | |
| الإسم الشخصى | عبداللطيف الدعيج |
| 600 0# - المدخل الاضافى بالموضوع-اسم شخصى | |
| الإسم الشخصى | سلطان سعود القاسمى |
| 600 0# - المدخل الاضافى بالموضوع-اسم شخصى | |
| الإسم الشخصى | احمد العرفج |
| 600 0# - المدخل الاضافى بالموضوع-اسم شخصى | |
| الإسم الشخصى | احمد رجب |
| 600 0# - المدخل الاضافى بالموضوع-اسم شخصى | |
| الإسم الشخصى | جمال جرجس المزاحم |
| 600 0# - المدخل الاضافى بالموضوع-اسم شخصى | |
| الإسم الشخصى | محمد التابعى |
| 600 0# - المدخل الاضافى بالموضوع-اسم شخصى | |
| الإسم الشخصى | انيس منصور |
| 650 ## - المدخل الاضافى بالموضوع-مصطلح موضوعى | |
| مصدر الرأس أو المصطلح | qrmak |
| 651 ## - المدخل الاضافى بالموضوع - اسم جغرافى | |
| مصدر الرأس أو المصطلح | qrmak |
| 942 ## - عناصر المدخل الإضافي( كوها) | |
| مصدر التصنيف او مخطط الترفيف | Dewey Decimal Classification |
| Koha [default] item type | كتاب |
| 260 ## - PUBLICATION, DISTRIBUTION, ETC. (IMPRINT) | |
| -- | القاهرة : |
| حالة التراجع | حالة الفقد | حالة تلف | ليس للاعارة | المكان المؤقت | الموقع الحالى | موقع الترفيف | تاريخ الاكتساب | اجمالي اﻻعارات | رقم الطلب | الباركود | تاريخ اخر مشاهدة | تاريخ تفعيل السعر | نوع وعاء كوها |
|---|---|---|---|---|---|---|---|---|---|---|---|---|---|
| مكتبة القاهرة الكبرى | مكتبة القاهرة الكبرى | القاعة الرئيسية | 02/11/2019 | 920.71/ ا أ | 165520 | 02/11/2019 | 02/11/2019 | كتاب |

